000 00951nam a2200241Ia 4500
999 _c56252
_d56252
001 23354
003 GE_BSU
005 20251226155400.0
008 181216s1990||||ge |||||||||||||| ||geo||
040 _cGE_BSU
041 _ageo
080 _a94(479.22)"1160-1213" + 929.731(479.22) მ-19
100 _aმაკალათია, სერგი
_921602
245 _aთამარ მეფე /
_cსერგი მაკალათია ; რედ.: კ.ცქიტიშვილი.
264 _aთბილისი :
_bსაქ. სსრ საზ-ბა "ცოდნა,
_c1990.
300 _a47 გვ. ;
_c19 სმ.
541 _h5ლ.80თ.
653 _aთამარ მეფე
653 _a საქართველოს ისტორია, XII-XIII ს.ს.
653 _aისტორია
700 _aცქიტიშვილი, კ.
_eრედაქტორი
_94511
942 _cBK
_2udc